|
|
|
|
| LEADER |
00000nab a2200000 ar4500 |
| 001 |
vtls009004279 |
| 003 |
SK-MaSNL |
| 005 |
20260319071307.0 |
| 008 |
070620c20070620xo |||||||| 000 b|hun |
| 015 |
|
|
|a SNBRB2007/06
|2 snkbucl
|
| 038 |
|
|
|a SNKBUCL
|
| 040 |
|
|
|a DSZK
|b slo
|c DSZK
|e AACR2
|
| 041 |
0 |
|
|a hun
|
| 044 |
|
|
|a xo
|c SK
|
| 080 |
|
|
|a 37.014
|x (437.6)
|2 1997
|
| 080 |
|
|
|a 378
|x (437.6)
|2 1997
|
| 100 |
1 |
|
|a Gál, Zsolt
|4 aut
|9 329243
|
| 245 |
1 |
0 |
|a Diplomák futószalagon
|c Gál Zsolt
|
| 300 |
|
|
|b Fotogr.
|
| 650 |
0 |
7 |
|a vysoké školstvo
|z Slovensko
|2 snkbucl
|9 1065973
|
| 650 |
0 |
7 |
|a vysokoškolské vzdelávanie
|z Slovensko
|2 snkbucl
|9 267234
|
| 655 |
|
7 |
|a komentáre
|2 snkbucl
|9 70412
|
| 773 |
0 |
|
|t Új szó
|g Évf. 60, sz. 141 (20.6.2007), o. 7
|
| 852 |
|
|
|a SNK
|b KIS3GCP
|
| 852 |
|
|
|a DSZK
|b KIS3GCP
|
| 958 |
|
|
|a HU
|
| 958 |
|
|
|a SK
|
| 999 |
|
|
|c 1752007
|d 1753937
|